000 00566nam a2200193Ia 4500
005 20260120124414.0
008 008 260114s9999 xx 000 0 eng d
020 _a9781839820915
037 _aEBOOK
040 _aCRL
_beng
_cCRL
041 _aeng
_2eng
084 _qCRL
245 0 _aAdvances in Business and Management Forecasting
260 _bEmerald Publishing
_c2021
700 _aKenneth D. Lawrence
_9906029
856 _uhttps://www.emerald.com/insight/publication/doi/10.1108/S1477-4070202114
942 _cEBOOK
999 _c1497711
_d1497711